000 00482nam a2200181Ia 4500
001 10766
005 20260306161856.0
008 260306t1975||||xx |||||||||||||| ||spa||
041 _aESP
082 _a949.4
_b036A
100 _aOficina Suiza de Expansión Comercial
_eAUT
245 0 _aVida económica e industrias de exportación:
_bencuentro con Suiza
260 _c1975
300 _a115 páginas :
_c21 cm.
650 _aGEN
654 _aCHU
942 _cLIB
_dJUS
_fJUS
_2ddc
_n
999 _c10766
_d10766